000 00824cam a22002652 4500
001 33456
003 BD-RjUL
005 20211209052017.0
008 140508t1940 nyu 001 0 eng d
035 _a(BD-RjUL)33547
040 _aFUT
_cFUT
_dCSU
_dOCL
_dEQO
_dBD-RjUL
_beng
041 _aeng
082 0 0 _a301
_bSUI 1940
090 _aHM66
_b.S88 1948a
100 1 _aSutherland, Robert L.
_q(Robert Lee)
_9101539
245 1 0 _aIntroductory sociology /
_cRobert L. Sutherland [and] Julian L. Woodward.
250 _a2nd ed.
260 _aNew york :
_b J.B. Lippincott Co.,
_cc1940
300 _axiv, 863 p. :
_bill.;
_c24 cm
504 _aIncludes bibliographical reference and index.
650 0 _aSociology
_9101540
700 1 _aWoodward, Julian Laurence,
_d1900-1952
_9101541
942 _2ddc
_cBK
999 _c33456
_d33456